| 000 | 00528nam a22001577a 4500 | ||
|---|---|---|---|
| 999 |
_c533742 _d533742 |
||
| 020 | _qHard Cover. | ||
| 082 | _a624.1 | ||
| 100 | _aAhmad, Sufian | ||
| 245 |
_aStudy of Packing Effects on Self Consolidation Concrete using Secondary Raw Materials / _cSufian Ahmad. |
||
| 260 |
_aIslamabad: _bSCEE - NUST, _c2017. |
||
| 300 |
_a61 p. : _bill. ; _c30cm. |
||
| 942 |
_2ddc _cTHE |
||
| 650 |
_aStructural Engineering MS-Thesis. _917039 |
||
| 700 |
_aDr. Syed Ali Rizwan _927327 |
||